| 000 | 00599nam a22002057a 4500 | ||
|---|---|---|---|
| 003 | SISC | ||
| 005 | 20160317151117.0 | ||
| 008 | 130907t xxu||||| |||| 00| 0 eng d | ||
| 020 | _a0 | ||
| 050 |
_aMT 733 _b.P732 1977 |
||
| 082 |
_aHS 784 _bP10 1997 |
||
| 100 |
_aPloyhar, James D. _917079 |
||
| 245 |
_aBand today : _ba band method for full band classes, like instrument classes or individual instruction / |
||
| 260 |
_aFlorida : _bBelwin- mills publishing Corp, _cc1977. |
||
| 300 |
_a128 p. : _c30 cm. |
||
| 562 | _e1 | ||
| 650 |
_aBands _917080 |
||
| 942 |
_2lcc _cBK |
||
| 999 |
_c10604 _d10604 |
||